El pensamiento vivo de Mariano Moreno
Shranjeno v:
| Glavni avtor: | |
|---|---|
| Format: | Knjiga |
| Jezik: | španščina |
| Izdano: |
Buenos Aires
Losada
1942
|
| Serija: | Biblioteca del Pensamiento Vivo, 21
|
| Teme: | |
| Oznake: |
Označite
Brez oznak, prvi označite!
|
MARC
| LEADER | 00000nam a2200000 a 4500 | ||
|---|---|---|---|
| 001 | UCP8358 | ||
| 003 | CL-VaPUC | ||
| 008 | 000114e19420000AG |||||||||||||||||spa|d | ||
| 082 | 0 | 4 | |a 923.2 |b LEV |2 21 |
| 100 | |a Levene, Ricardo |e author |9 478455 | ||
| 245 | 1 | 3 | |a El pensamiento vivo de Mariano Moreno |
| 300 | |a 235 p | ||
| 942 | |c BK | ||
| 945 | |d 20000114 00:00:00 |a rherrera | ||
| 260 | |a Buenos Aires |b Losada |c 1942 | ||
| 600 | 0 | |a Moreno, Mariano, |d 1778-1811 |9 438302 | |
| 650 | 0 | |a Biografías |9 255210 | |
| 650 | 7 | |a ESTADISTAS |2 CL-VaPUC |9 438103 | |
| 650 | 0 | |a Ideologías políticas |9 255735 | |
| 650 | 7 | |a REVOLUCION |2 CL-VaPUC |9 338298 | |
| 650 | 0 | |a Historia de Argentina |9 319851 | |
| 583 | |a last modification |c 20150114 09:45:23 |k Rodrigo Vera | ||
| 490 | 0 | |a Biblioteca del Pensamiento Vivo, 21 | |
| 999 | |c 285290 |d 285288 | ||
| 952 | |0 0 |1 0 |4 0 |6 923_200000000000000_LEV_1942 |7 0 |8 X |9 329769 |a BIBHIS |b BIBHIS |d 2019-11-20 |i 1375946 |o 923.2 LEV 1942 |p 1375946 |r 2024-01-30 |w 2019-11-20 |y BK_X |k HIS | ||